Ο Βουδδισμός

Αποθηκεύτηκε σε:
Λεπτομέρειες βιβλιογραφικής εγγραφής
Κύριος συγγραφέας: Arvon, Henri, 1914-1992
Άλλοι συγγραφείς: Ζωγραφάκης, Γιώργος Κ., 1903-1991 (Μεταφραστής)
Μορφή: Βιβλίο
Γλώσσα:Greek
French
Δημοσίευση: Αθήναι : Ι.Ν. Ζαχαρόπουλος, 1965
Σειρά:Τι πρέπει να ξέρω. Η πυξίδα των σύγχρονων γνώσεων ; ; 59
Θέματα:
Ετικέτες: Προσθήκη ετικέτας
Δεν υπάρχουν, Καταχωρήστε ετικέτα πρώτοι!

MARC

LEADER 00000cam a2200000 i 4500
001 1/26537
008 060320s1965 gre d
035 |l 10083182 
040 |a GR-MY-UA  |b gre  |e aacr 
041 1 |a gre  |h fre 
082 0 |a 294.3  |2 (22) 
100 1 |a Arvon, Henri,   |d 1914-1992. 
245 1 2 |a Ο Βουδδισμός /  |c Henri Arvon ; μετάφρασις: Γεωργίου Ζωγραφάκη 
260 |a Αθήναι :   |b Ι.Ν. Ζαχαρόπουλος,   |c 1965 
300 |a 111 σ.;  |c 18x12 εκ. 
490 1 |a Τι πρέπει να ξέρω. Η πυξίδα των σύγχρονων γνώσεων  |v ; 59 
650 0 0 |a Buddhism. 
650 0 0 |a Buddhism  |x Philosophy. 
700 1 |a Ζωγραφάκης, Γιώργος Κ.,   |d 1903-1991.  |4 trl 
830 0 |a Τι πρέπει να ξέρω. Η πυξίδα των σύγχρονων γνώσεων ;  |v ; 59 
852 |a INST  |b RHODES  |c KRI  |e 20060320  |h  294.3 ARV  |p 005400021196  |q 005400021196  |t BK  |y 0 
901 |a BIBL4-2006-1 
909 |a Ρ  |b 123396 
970 |a ΚΟΖΑ  |b ΜΑΡΙΑ  |z 2006/03/20